Una aproximación sociológica a la noción de convención social. = A sociological approach to the notion of social convention /

Salvato in:
Dettagli Bibliografici
Autore principale: Miller Mora, Luis
Natura: testo
Tags: Aggiungi Tag
Nessun Tag, puoi essere il primo ad aggiungerne!!

MARC

LEADER 00000 a a2200000 04500
001 16583
003
040
100 |a Miller Mora, Luis  
245 |a Una aproximación sociológica a la noción de convención social. =   |b A sociological approach to the notion of social convention /  |c Luis Miller Mora 
773 |g volumen 70, número 4; páginas 649-673  
999 |c 37359  |d 37359